Načítá se...
Moorkkothu Kumaran jeevitham samaramakkiya nethavu
| Hlavní autor: | |
|---|---|
| Médium: | Printed Book |
| Vydáno: |
Sahithya Pravarthaka Co-operative Society Ltd.
2018
|
| LEADER | 00377 a2200097 4500 | ||
|---|---|---|---|
| 020 | |a 9789387866300 | ||
| 100 | |a Krishnan Methala, I R | ||
| 245 | |a Moorkkothu Kumaran jeevitham samaramakkiya nethavu | ||
| 260 | |b Sahithya Pravarthaka Co-operative Society Ltd. |c 2018 | ||
| 999 | |c 352108 |d 352108 | ||
| 952 | |0 0 |1 0 |4 0 |7 0 |9 406853 |a UL |b UL |c PROC |d 2020-07-27 |g 126.00 |l 0 |p 103876 |r 2020-07-27 |v 180.00 |w 2020-07-27 |y BK | ||